000 00670nam a2200241Ia 4500
003 OSt
005 20221005043608.0
006 a|||||r|||| 00| 0
007 ta
008 221004b |||||||| |||| 00| 0 eng d
024 _a61534
037 _cTextual
040 _aCRL
_cCRL
_beng
041 _2eng
_aeng
082 _aV1:19.N, M4
100 _aBanks Michael Ed.
_997424
245 0 _aConflict in world society
_b A new perspective on international relations.
260 _aGreat
_bBritain Wheatsheaf
_c1984
300 _a234p.
_ccm.
650 _aHISTORY
942 _hV1:19.N, M4
_cTEXL
_2cc
999 _c952139
_d952139